00751nam a2200229 i 4500001000700000003000900007007000300016008004100019020001500060080001400075100003400089245005400123250001200177260003700189300002200226490004100248830005200289852003200341942000800373999001900381952012100400141560ES-MaACLt|070925s1980 sp ||||1| spa d a8474571030 a86-14"19"1 aVillena, Fernando de.911524110aPensil de rimas celestes / cFernando de Villena. a1ª ed. aBarcelona : bAnthropos, c1980. a111 p. ; c19 cm.1 aAmbito literario. Poesía ; v115. 0 aÁmbitos literarios. pPoesía ;v1159177287 aES-MaACLjL-9925 bR.110839 2udc c141560d141560 00104070aATENEOMbATENEOMcDEPO2d2008-01-17eSCl0oL-9925p1147296r2023-02-23 00:00:00w2023-02-23yMONOGRAFIA